| 000 | 00513nam a2200217Ia 4500 | ||
|---|---|---|---|
| 003 | OSt | ||
| 005 | 20250625113203.0 | ||
| 008 | 210423s2007 xx 000 0 und d | ||
| 040 | _cAL | ||
| 041 | _aeng | ||
| 082 |
_a001.42 _223 _bMCBR |
||
| 100 |
_aMCBURNCY (Donald H) _9113502 |
||
| 245 | _aResearch methods | ||
| 260 |
_bThomson Learning _c2007 |
||
| 300 | _a216 | ||
| 365 |
_b332 _cINR |
||
| 650 |
_aGeneral _9113503 |
||
| 650 |
_aResearch _9113504 |
||
| 906 | _amethods ; Research | ||
| 942 |
_2ddc _cBK |
||
| 999 |
_c173413 _d173413 |
||